EVERY Extreme Demon Starting With C in Geometry Dash - Statistics

General Stats
  • This quiz has been taken 7 times
  • The average score is 52 of 131
Answer Stats
Creator Type Name % Correct
Ggb0y Classic Cataclysm
100%
Cersia Classic COMBUSTION
83%
Pennutoh Classic Cadrega City
67%
TCTeam Classic Cadrega Mode
67%
Walroose Classic Calculator Core
67%
Asuith Classic Carcano
67%
ZephiroX Classic Catalyze
67%
IcEDCave Classic Cat Planet
67%
MindCap Classic Celestial Force
67%
Cersia Classic Cersia Difficult
67%
Cersia Classic Cersia Madness
67%
McCoco Classic CHIL
67%
spcreat Classic Cimmerian Shade
67%
perpori Platformer Cimu
67%
DustyBud Platformer Cobweb
67%
EndLevel Classic Cognition
67%
para Classic Cold Sweat
67%
DreamZoneGD Classic ConClusion
67%
DreamZoneGD Classic ConFusion
67%
Presta Classic Congregation
67%
DreamZoneGD Classic ConTroller
67%
femboy Classic CONVULSION
67%
awesomeme360 Classic Coral Cave
67%
Moosh Classic CORRODERE
67%
AlrexX Classic Crackhead Circles
67%
Crerro Platformer Crerro Kaizo I
67%
Crerro Platformer Crerro Kaizo II
67%
Zeniux Classic Critical Heat
67%
Zeronium Classic Crystal
67%
Zeniux Classic Crystal Crusher
67%
ViPriN Classic Cybernetic Crescent
67%
BIANOX Classic CYCLONE
67%
nothawkyre Classic Call Me Maybe
50%
Findexi Classic Carnage Mode
50%
gruzyGD Classic Checked Steam
50%
shaggy23 Classic CholeriX
50%
HappyMoby Classic CHROMACAVE
50%
Renn241 Classic CHROMA FINALE
50%
Renn241 Classic CHROMA II
50%
orangutanggg Classic Chromatic
50%
Cirtrax Classic Chromatic Haze
50%
roadkiller Classic chrome hearts
50%
Hypno Classic Clarity
50%
HushLC Classic Climax
50%
ThePurgatory Classic Clown Control
50%
amplitron Classic Coalescence
50%
NineDice Classic Cobwebs
50%
fwwe | rnexel Classic Collapse
50%
KrmaL Classic Conical Depression
50%
MCres Classic CONNECT
50%
MaddyGMD Platformer CONVOLUTION
50%
APTeamOfficial Classic Cosmic Cyclone
50%
Pennutoh Classic Cosmorush 21
50%
TrueOmega Classic Crimson Planet
50%
NateFH Classic Crippled Depression
50%
zDeadlox Classic Crowd Control
50%
cherryteam Classic cytokinesis
50%
Awedsy Classic Calamity
33%
L4TeZk Classic Callisto
33%
waffybun Classic Carbon
33%
xSlendy Classic Carbon Fiber
33%
Meroo Classic Castling
33%
JustaGDplay3r Classic Caution
33%
ivyteal Classic cave of heart
33%
NateFH Classic cerebral hemorrhage
33%
SirPotatOwO Classic Cerebral Torment
33%
Bontic Classic Ch1ll Puddy
33%
Lia Classic Chainsaw
33%
Darwin Classic CICADA3302
33%
Wintter Classic Cicatrize
33%
MaxxoRMeN Classic CITYFADE
33%
ThePurgatory Classic Clock tower
33%
Avanna Classic CLOWNS
33%
Enfur Classic Cluttered Confusion
33%
TCTeam Classic Codependence
33%
MercuryDT Classic cognitohazard
33%
nexter Platformer Coldest Winter Yet
33%
MrSupremeGD Classic Cold Level Go BRRRR
33%
CairoX Classic Concaved Memories
33%
Akunakunn Classic Coolie Mazie Paloozi
33%
Killa Classic Corrosion
33%
AlrexX Classic Cosmic Cluster
33%
AlrexX Classic Cosmic Cluster II
33%
CreatorCreepy Platformer Creepy Needle
33%
uan Classic Crowded Void
33%
Crerro Platformer Current Current
33%
MinAY Classic Cybersonic
33%
ThatJack Classic Cyberstorm
33%
dpoopoop Platformer cabbit
17%
Bamvie Classic Calibrate
17%
Devilmine Classic can i have mod now
17%
AlaskaFX Classic Canneles au chocolat
17%
AAAAAlex Classic Carmine Cascade
17%
SunCOMoon Platformer Casino Of Envy
17%
MVXgameS Platformer CASIO HELLBURST
17%
ZaZa GD Classic Cassette
17%
iYene Platformer Champions Road
17%
DustyBud Platformer Chaos Ball Theory
17%
Yerylik Classic Charge
17%
TheJosiahTurner Classic Cheyenne
17%
GiaMmiX Classic ChopStep
17%
EnTrix23 Classic Chub Chub
17%
efext Classic Circuit Breaker
17%
Girlbossed Classic CITRA
17%
kuiprbelt Classic cloud
17%
DigitalWarpstar Classic cloudscape
17%
RubrumP Classic Cobalt hell
17%
TestFiles Platformer Cognitive Overload
17%
Rynoxiouss Classic Collect All Pets
17%
Bizaare Classic Color Beam
17%
rustere Classic Come Home
17%
Kapycta999 Classic Come to Daddy
17%
Hero3210 Classic Complementary Cruise
17%
Zipixbox Classic Controlled Chaos
17%
Keleru Platformer CONVEYOR
17%
GoldSource Classic CONVOLVER
17%
Yerylik Classic Convulsing Light
17%
CybayaGD Classic corrupted volume
17%
Aquatias Classic Cosmic Ray
17%
Fafenel Classic court circuit
17%
4yoet Classic CRIDIUM
17%
itzCybercube Platformer Crime And Punishment
17%
Ryder Classic Crimson Citadel
17%
Relayx Classic Cromulent
17%
DreamTide Classic Cryptic Dream
17%
vyp Classic Cupid
17%
Vrapur Classic CHERRYCRUSH
0%
Denni Classic CRUEL
0%
TornadoMan616 Classic Cryothorn Hell
0%
ked4ri Classic Curie
0%
No matching quizzes found
Score Distribution
Percent of People with Each Score
Percentile by Number Answered
Your Score History
You have not taken this quiz